|
|
|
|
| LEADER |
02999nam a22004573i 4500 |
| 001 |
EBC6679896 |
| 003 |
MiAaPQ |
| 005 |
20231204023217.0 |
| 006 |
m o d | |
| 007 |
cr cnu|||||||| |
| 008 |
231204s2021 xx o ||||0 eng d |
| 020 |
|
|
|a 9781637420898
|q (electronic bk.)
|
| 020 |
|
|
|z 9781637420881
|
| 035 |
|
|
|a (MiAaPQ)EBC6679896
|
| 035 |
|
|
|a (Au-PeEL)EBL6679896
|
| 035 |
|
|
|a (OCoLC)1261364672
|
| 040 |
|
|
|a MiAaPQ
|b eng
|e rda
|e pn
|c MiAaPQ
|d MiAaPQ
|
| 050 |
|
4 |
|a HD69.P75
|
| 082 |
0 |
|
|a 658.404
|
| 100 |
1 |
|
|a Rosinski, Lukasz.
|
| 245 |
1 |
0 |
|a HybridP3M :
|b Processes in Optimized, Mature Environments.
|
| 250 |
|
|
|a 1st ed.
|
| 264 |
|
1 |
|a New York :
|b Business Expert Press,
|c 2021.
|
| 264 |
|
4 |
|c Ã2021.
|
| 300 |
|
|
|a 1 online resource (222 pages)
|
| 336 |
|
|
|a text
|b txt
|2 rdacontent
|
| 337 |
|
|
|a computer
|b c
|2 rdamedia
|
| 338 |
|
|
|a online resource
|b cr
|2 rdacarrier
|
| 490 |
1 |
|
|a Studien Zum Physik- und Chemielernen Series
|
| 505 |
0 |
|
|a Cover -- Halftitle -- Title -- Copyright -- Description -- Contents -- Acknowledgments -- Introduction -- Chapter 1: Introduction to Processes -- Chapter 2: Method Foundation -- Chapter 3: Defining the Project/Program -- Chapter 4: Integrating Knowledge Management -- Chapter 5: Planning -- Chapter 6: Risk Management -- Chapter 7: Business Case Development -- Chapter 8: Realizing Benefits -- Chapter 9: Monitoring and Control -- Chapter 10: Managing Stakeholder Expectations -- Chapter 11: Managing Requirements -- Chapter 12: Evaluating the Project or Program -- Chapter 13: Leading the Project or Program -- Chapter 14: Project/Program Establishment -- Chapter 15: Providing Assurance -- Chapter 16: Agile Product Delivery -- Conclusion -- Appendix: Cases-Method -- References -- About the Author -- Index -- Adpage -- Backcover.
|
| 520 |
|
|
|a Hybrid P3M: Processes in Optimized, Mature Environments is an advanced technical book for hybrid project and program management. It is a complete methodology covering both processes as well as principles, according to a sound meta-model. Essentially, it combines the benefits of predictive and agile delivery and it aligns with the Projects with Learning Outcomes (ProwLO) methodology introduced in Knowledge Management for Project Excellence, by Lukasz Rosinski.
|
| 588 |
|
|
|a Description based on publisher supplied metadata and other sources.
|
| 590 |
|
|
|a Electronic reproduction. Ann Arbor, Michigan : ProQuest Ebook Central, 2023. Available via World Wide Web. Access may be limited to ProQuest Ebook Central affiliated libraries.
|
| 650 |
|
0 |
|a Project management.
|
| 650 |
|
0 |
|a Agile project management.
|
| 650 |
|
0 |
|a Leadership.
|
| 655 |
|
4 |
|a Electronic books.
|
| 776 |
0 |
8 |
|i Print version:
|a Rosinski, Lukasz
|t HybridP3M
|d New York : Business Expert Press,c2021
|z 9781637420881
|
| 797 |
2 |
|
|a ProQuest (Firm)
|
| 830 |
|
0 |
|a Studien Zum Physik- und Chemielernen Series
|
| 856 |
4 |
0 |
|u https://ebookcentral.proquest.com/lib/matrademy/detail.action?docID=6679896
|z Click to View
|